[Event "Sueca op 8th"]
[White "Alminana Alminana, Joaquim"]
[Black "Moreno Cervera, Jose Luis"]
[Site "Sueca"]
[Round "6"]
[Result "0-1"]
[Date "2024.08.09"]
[WhiteElo "1735"]
[BlackElo "1882"]
[PlyCount "94"]
[EventDate "2024.08.05"]
[EventType "swiss"]
[EventRounds "9"]
[EventCountry "ESP"]
[SourceTitle "CBM 221 Extra"]
[Source "ChessBase"]
[SourceDate "2024.09.30"]
[SourceVersion "1"]
[SourceVersionDate "2024.09.30"]
[SourceQuality "1"]

1. d4 d5 2. c4 c6 3. Nf3 Nf6 4. Bg5 Ne4 5. Bh4 Qb6 6. Qc2 Bf5 7. Qb3 dxc4 8. Qxb6 axb6 9. Nc3 e6 10. Nd2 Nxd2 11. Kxd2 Bb4 12. e3 b5 13. Be2 Nd7 14. g4 Bg6 15. Bg3 Nf6 16. f3 h5 17. g5 Nd5 18. Be5 f6 19. gxf6 gxf6 20. Bg3 h4 21. Bf2 e5 22. Rhg1 Kf7 23. Rg4 Bf5 24. Rxh4 Rxh4 25. Bxh4 Bg6 26. Bf2 c5 27. e4 Rd8 28. Rd1 cxd4 29. exd5 dxc3+ 30. bxc3 Rxd5+ 31. Ke1 Bxc3+ 32. Kf1 Rxd1+ 33. Bxd1 Bd3+ 34. Be2 b4 35. Bxd3 cxd3 36. Bc5 f5 37. Kf2 f4 38. h4 Kg6 39. Be7 Kh5 40. Bg5 Bd4+ 41. Kf1 Kg6 42. Ke1 Bc3+ 43. Kf1 Kf5 44. Be7 e4 45. fxe4+ Kxe4 46. Kf2 d2 47. Ke2 f3+ 0-1

[Event "Sueca op 7th"]
[White "Gerona Maura, Jesus"]
[Black "Alminana Alminana, Joaquim"]
[Site "Sueca"]
[Round "9"]
[Result "1/2-1/2"]
[Date "2023.08.13"]
[WhiteElo "1719"]
[BlackElo "1550"]
[PlyCount "66"]
[EventDate "2023.08.07"]
[EventType "swiss"]
[EventRounds "9"]
[EventCountry "ESP"]
[SourceTitle "CBM 215 Extra"]
[Source "ChessBase"]
[SourceDate "2023.09.30"]
[SourceVersion "1"]
[SourceVersionDate "2023.09.30"]
[SourceQuality "1"]

1. d4 d5 2. Nf3 Nf6 3. e3 Bg4 4. c4 Bxf3 5. Qxf3 e6 6. Bd3 c6 7. Nc3 dxc4 8. Bxc4 Be7 9. 0-0 0-0 10. Rd1 Nbd7 11. e4 Nb6 12. Bd3 Re8 13. e5 Nfd7 14. Ne4 Nf8 15. g3 Nd5 16. a3 f5 17. exf6 Nxf6 18. Bg5 Nxe4 19. Bxe7 Rxe7 20. Qxe4 Qd5 21. Re1 Rd8 22. Rad1 Qxe4 23. Rxe4 Nd7 24. Bc4 Rde8 25. Rde1 Kf7 26. f4 Nf6 27. Re5 Nd5 28. f5 exf5 29. Rxf5+ Kg6 30. Rxe7 Rxe7 31. Bd3 Kh6 32. g4 g6 33. Rf3 Kg7 1/2-1/2